000 00207 a2200097 4500
001 58272
100 _a
245 _aKey Engineering Material
260 _aUSA
_bTrass Tech pub
_c1978
090 _c35769
_d35769
942 _aNUST-CAE
_c
_c28634
999 _c293345
_d293345